| 000 | 00531nam a2200193 a 4500 | ||
|---|---|---|---|
| 001 | 1778578638827 | ||
| 003 | YourLibrary | ||
| 005 | 20260512150840.0 | ||
| 008 | 260512s2004##################000#0#eng## | ||
| 020 | _a9783110180978 | ||
| 082 | 0 | 4 |
_a420.9 _bCUR |
| 100 | 1 |
_aCurzan, Anne, _eauthor. |
|
| 245 | 1 | 0 | _aStudies in the History of the English Language II : |
| 260 |
_bWalter de Gruyter, _c2004. |
||
| 300 | _a520 pages | ||
| 650 | 0 | _aForeign Language Study. | |
| 942 | _cENGLISH | ||
| 040 |
_aYourLibrary _beng _cYourLibrary |
||
| 999 |
_c623159 _d623159 |
||